| 000 | 00743nam a2200229 4500 | ||
|---|---|---|---|
| 003 | OSt | ||
| 005 | 20240624004428.0 | ||
| 006 | a | ||
| 008 | 240624b |||||||| |||| 00| 0 eng d | ||
| 020 | _a1584503297 | ||
| 040 |
_aDWCL-Main lib. _cOC |
||
| 082 |
_2First edition _aCirc. 004.6 P911p 2004 |
||
| 100 | _aPrasad, K V | ||
| 245 | _aPrinciples of digital communication systems and computer networks / | ||
| 250 | _aFirst edition | ||
| 260 |
_aHingham, Mass. : _bCharles River Media, Inc. , _cc2004. |
||
| 300 |
_axxiv, _b742 p. : ill. ; _c23 cm. |
||
| 504 | _aIncludes bibliographical references & index. | ||
| 650 | _a1. Digital communications. | ||
| 650 | _a2. Computer networks. | ||
| 942 |
_2ddc _n0 _cBK-CIRC _eFirst edition _kCirc. |
||
| 999 |
_c1160 _d1160 |
||